| 000 | 00454nam a22001817a 4500 | ||
|---|---|---|---|
| 999 |
_c478392 _d478392 |
||
| 003 | NUST | ||
| 005 | 20180528042333.0 | ||
| 008 | 180528b ||||| |||| 00| 0 eng d | ||
| 020 | _a9781292019611 | ||
| 038 | _aSNS Library | ||
| 082 | _a620.106 | ||
| 100 |
_aMott. Untener _910539 |
||
| 245 |
_aApplied Fluid Mechanics _cMott. Untener |
||
| 250 | _a7th Ed. | ||
| 260 |
_aNew Delhi _bPearson _c2015 |
||
| 300 |
_a547 P. _bPb. |
||
| 942 |
_2ddc _cBK |
||